From Bagels To Buddha How I Found My Soul And Lost My Fat (Record no. 41196)

MARC details
000 -LEADER
fixed length control field 00425nam a2200145Ia 4500
008 - FIXED-LENGTH DATA ELEMENTS--GENERAL INFORMATION
fixed length control field 240719s9999 xx 000 0 und d
041 ## - LANGUAGE CODE
Language code of text/sound track or separate title eng
082 ## - DEWEY DECIMAL CLASSIFICATION NUMBER
Classification number 613.2 HOL
100 ## - MAIN ENTRY--PERSONAL NAME
Personal name Hollis Judi
245 ## - TITLE STATEMENT
Title From Bagels To Buddha How I Found My Soul And Lost My Fat
260 ## - PUBLICATION, DISTRIBUTION, ETC.
Place of publication, distribution, etc. Las Vegas
Name of publisher, distributor, etc. Central Recovery Press
Date of publication, distribution, etc. 2012
300 ## - PHYSICAL DESCRIPTION
Extent 262.; P. 20 Cm
365 ## - TRADE PRICE
Currency code
Price amount 18.95
520 ## - SUMMARY, ETC.
Summary, etc. Gifted By : IMT Faculty Dr. senthil kumar
Holdings
Withdrawn status Lost status Damaged status Not for loan Home library Current library Shelving location Date acquired Cost, normal purchase price Full call number Barcode Date last seen Price effective from Koha item type Public note
        IMTN IMTN Rack 19-B 08/05/2023 961.00 613.2 HOL 32891 07/19/2024 07/19/2024 Books Gifted
Designed & Maintained by: LRC IMT Nagpur Contact: lrc@imtnag.ac.in© 2024. All Rights Reserved.